Normal view
MARC view
Entry Personal Name
001 - CONTROL NUMBER
- control field: 24355
003 - CONTROL NUMBER IDENTIFIER
- control field: ARRUPE
005 - DATE AND TIME OF LATEST TRANSACTION
- control field: 20160504095724.0
008 - FIXED-LENGTH DATA ELEMENTS
- fixed length control field: 160504|| aca||aabn | a|a d
040 ## - CATALOGING SOURCE
- Original cataloging agency: ARRUPE
- Transcribing agency: ARRUPE
100 ## - HEADING--PERSONAL NAME
- Personal name: Bain, Kenneth Bruce Findlater
670 ## - SOURCE DATA FOUND
- Source citation: Work cat.: (ARRUPE)124756: Findlater, Richard, 1921- 24230, The unholy trade,, 1952.